000 00534nam a2200169 4500
001 148002
003 ES-MaACL
005 20230906202358.0
007 t|
008 070214s1968 sp r ||||1| spa d
100 1 _aStewart, John D.
_9108185
245 1 0 _aGibraltar, piedra clave /
_cJohn D. Stewart ; traducción del inglés por Juan García-Puente.
260 _a[Madrid] :
_bAguilar,
_c[1968] (
_fOrbe)
300 _a398 p., 4 lám. ;
_c22 cm.
700 1 _aGarcía-Puente, Juan.
_955139
852 _aES-MaACL
_jC-34620
_bR.66648
999 _c148002
_d148002